| 000 | 00000nam 2200000za 4500 |
| 001 | 9.689336 |
| 003 | CaOODSP |
| 005 | 20210624231841 |
| 007 | cr ||||||||||| |
| 008 | 150407s2004 onc|||||o f|0| 0 eng d |
| 040 | |aCaOODSP|beng |
| 043 | |an-cn--- |
| 086 | 1 |aH46-2/04-343E-PDF |
| 110 | 1 |aCanada. |bHealth Canada. |bHealthy Environments and Consumer Safety Branch. |
| 245 | 10|aCanadian handbook on health impact assessment. Volume 1, The basics |h[electronic resource] / |ca report of the Federal/Provincial/Territorial Committee on Environmental and Occupational Health. |
| 260 | |bHealth Canada, |c2004. |
| 300 | |a150 p. : |bfigs., glossary, graphs, tables. |
| 500 | |aThe catalogue number (H46-2/04-343E) and ISBN (0-662-36503-8) for the English print edition have been incorrectly copied in this PDF edition. |
| 590 | |a07-02-Supp|b2007-04-05 |
| 690 | 07|aHealth impact|2gcpds |
| 690 | 07|aHandbooks|2gcpds |
| 775 | 08|tGuide canadien d'évaluation des incidences sur la santé. Volume 1, Notions fondamentales |w(CaOODSP)9.633749 |
| 795 | |tCanadian handbook on health impact assessment. Volume 1, The basics |w(CaOODSP)9.695399 |
| 856 | 40|ahttp://publications.gc.ca|qPDF|s713 KB|uhttps://publications.gc.ca/collections/Collection/H46-2-04-343E.pdf |